000
00295nam a2200109Ia 4500
008
180323s9999 xx 000 0 und d
020
_a
18742157
100
_a
Warren Howard C.
245
_a
Dictionary of psychology /
260
_a
Boston :
_b
1934
_c
Houghton Mifflin pub
300
_a
iii, 371 pages
999
_c
356367
_d
356367